A flippy wish (Record no. 130029)
[ view plain ]
| 000 -LEADER | |
|---|---|
| fixed length control field | 00768nam a2200277 i 4500 |
| 001 - CONTROL NUMBER | |
| control field | C2-0331288 |
| 003 - CONTROL NUMBER IDENTIFIER | |
| control field | PPAK |
| 005 - DATE AND TIME OF LATEST TRANSACTION | |
| control field | 20190310082808.0 |
| 008 - FIXED-LENGTH DATA ELEMENTS--GENERAL INFORMATION | |
| fixed length control field | 150602s2015 my a|||| ||||| | eng d |
| 020 ## - INTERNATIONAL STANDARD BOOK NUMBER | |
| International Standard Book Number | 9789670441368 |
| 040 ## - CATALOGING SOURCE | |
| Original cataloging agency | PPAK |
| Language of cataloging | eng |
| Transcribing agency | PPAK |
| Description conventions | rda |
| 082 04 - DEWEY DECIMAL CLASSIFICATION NUMBER | |
| Classification number | 823 |
| Edition number | 23 |
| 090 00 - LOCALLY ASSIGNED LC-TYPE CALL NUMBER (OCLC); LOCAL CALL NUMBER (RLIN) | |
| Classification number (OCLC) (R) ; Classification number, CALL (RLIN) (NR) | 823 |
| Feature heading | LEE |
| Feature heading | K |
| Classification number (OCLC) (R) ; Classification number, CALL (RLIN) (NR) | 823 |
| Feature heading | LEE |
| Feature heading | RK |
| 100 0# - MAIN ENTRY--PERSONAL NAME | |
| Personal name | Leen, |
| Relator term | author |
| 245 12 - TITLE STATEMENT | |
| Title | A flippy wish |
| 264 #1 - PRODUCTION, PUBLICATION, DISTRIBUTION, MANUFACTURE, AND COPYRIGHT NOTICE | |
| Place of production, publication, distribution, manufacture | Subang Jaya, Selangor : |
| Name of producer, publisher, distributor, manufacturer | Minda Ceria Resources , |
| Date of production, publication, distribution, manufacture, or copyright notice | 2015 |
| 300 ## - PHYSICAL DESCRIPTION | |
| Extent | 23 pages : |
| Other physical details | colour illustrations ; |
| Dimensions | 26 cm |
| 336 ## - CONTENT TYPE | |
| Source | rdacontent |
| Content type term | text |
| 337 ## - MEDIA TYPE | |
| Source | rdamedia |
| Media type term | unmediated |
| 338 ## - CARRIER TYPE | |
| Source | rdacarrier |
| Carrier type term | volume |
| 490 1# - SERIES STATEMENT | |
| Series statement | Wonderland of wishes |
| 650 10 - SUBJECT ADDED ENTRY--TOPICAL TERM | |
| Topical term or geographic name entry element | Children's stories, English. |
| 830 #0 - SERIES ADDED ENTRY--UNIFORM TITLE | |
| Uniform title | Wonderland of wishes |
| 942 ## - ADDED ENTRY ELEMENTS (KOHA) | |
| Koha item type | Book |
| Source of classification or shelving scheme | Dewey Decimal Classification |
| Withdrawn | Not for loan | Current library | Shelving location | Date acquired | Full call number | Barcode | Date last seen | Koha item type | Total Checkouts | Date last checked out | Total Renewals |
|---|---|---|---|---|---|---|---|---|---|---|---|
| Perpustakaan Alor Setar | Pinjaman Kanak-kanak | 02/06/2015 | K 823 LEE | A01449886 | 10/10/2023 | Book | 1 | 15/08/2019 | |||
| Perpustakaan Bandar Baharu | Pinjaman Kanak-kanak | 02/06/2015 | K 823 LEE | A01449889 | 09/05/2018 | Book | |||||
| Perpustakaan Jitra | Pinjaman Kanak-kanak | 02/06/2015 | K 823 LEE | A01449887 | 09/05/2018 | Book | |||||
| Perpustakaan Kulim | Pinjaman Kanak-kanak | 02/06/2015 | K 823 LEE | A01449888 | 30/11/2025 | Book | 6 | 11/11/2025 | 1 | ||
| Perpustakaan Sik | Pinjaman Kanak-kanak | 02/06/2015 | K 823 LEE | A01449890 | 09/05/2018 | Book | |||||
| Bergerak 1, Alor Setar | Pinjaman Kanak-kanak | 02/06/2015 | K 823 LEE | A01449891 | 09/05/2018 | Book | |||||
| Bergerak 3, Baling | Pinjaman Kanak-kanak | 06/12/2016 | K 823 LEE | A01496347 | 09/05/2018 | Book | |||||
| Bergerak 3, Baling | Pinjaman Kanak-kanak | 02/06/2015 | K 823 LEE | A01449893 | 09/05/2018 | Book | |||||
| Bergerak 4, Sungai Petani | Pinjaman Kanak-kanak | 02/06/2015 | K 823 LEE | A01449894 | 09/05/2018 | Book | |||||
| Bergerak 4, Sungai Petani | Pinjaman Kanak-kanak | 06/12/2016 | K 823 LEE | A01496348 | 09/05/2018 | Book | |||||
| Bergerak 5, Kulim | Pinjaman Kanak-kanak | 02/06/2015 | K 823 LEE | A01449895 | 09/05/2018 | Book | |||||
| Bergerak 5, Kulim | Pinjaman Kanak-kanak | 06/12/2016 | K 823 LEE | A01496349 | 09/05/2018 | Book | |||||
| PD05, Kg. Lindungan Raja, Kulim | Pinjaman Kanak-kanak | 06/12/2016 | K 823 LEE | A01496350 | 09/05/2018 | Book | |||||
| PD23, Taman Mas Merah, Titi Gajah, Alor Setar | Pinjaman Kanak-kanak | 06/12/2016 | K 823 LEE | A01496352 | 09/05/2018 | Book | |||||
| PD37, Kg. Belat, Pendang | Pinjaman Kanak-kanak | 06/12/2016 | K 823 LEE | A01496351 | 09/05/2018 | Book | |||||
| Not For Loan | e-Pustaka 2 - Alor Setar | Rujukan Kanak-kanak | 06/12/2016 | RK 823 LEE | A01496346 | 09/05/2018 | Book |